000 00975nam a2200241 i 4500
001 185797
003 ES-MaACL
005 20251014063301.0
008 160810s1957 sp |||| | spa d
080 _a821.111-31"19"
100 1 _aChristie, Agatha,
_d1890-1976
_938657
245 1 3 _aLa hora cero
_b; El misterio de las siete esferas ; Miss Marple y los trece problemas ; El caso de los anónimos ; Testigo de cargo /
_cAgatha Christie ; nota preliminar por Salvador Bordoy Luque ; [traducción del inglés por Stella de Cal ... et al.].
260 _aMadrid :
_bAguilar,
_c1957.
300 _a1125 p. :
_b1 retr. ;
_c18 cm.
490 1 _aObras escogidas / Agatha Christie ;
_v4
490 1 _aEl lince astuto
700 1 _aBordoy Luque, Salvador.
_930424
700 0 _aCal, Stella de.
_933504
830 0 _aObras escogidas / Agatha Christie ;
_v4
_9192407
830 0 _aEl lince astuto
_9186549
852 _aES-MaACL
_jC-13767
999 _c185797
_d185797